<?xml version="1.0" encoding="UTF-8"?>
<resp>
  <nextPage>https://data.bn.org.pl/api/networks/bibs.marcxml?marc=001+b1000002394525&amp;sinceId=1000002394526</nextPage>
  <collection>
    <record xmlns='http://www.loc.gov/MARC21/slim'><leader>05023nam a2201189 i 4500</leader><controlfield tag='001'>b1000002394525</controlfield><controlfield tag='005'>20260429104053.1</controlfield><controlfield tag='008'>220404s2022    pl aoc       |001 0 pol c</controlfield><controlfield tag='009'>9912668192705606</controlfield><datafield ind1=' ' ind2=' ' tag='015'><subfield code='a'>UWD 2022/12463</subfield></datafield><datafield ind1=' ' ind2=' ' tag='020'><subfield code='a'>9788324074181</subfield><subfield code='q'>(oprawa miękka) :</subfield><subfield code='c'>zł 54,99</subfield></datafield><datafield ind1=' ' ind2=' ' tag='035'><subfield code='a'>(PL)b1000002394525</subfield></datafield><datafield ind1=' ' ind2=' ' tag='040'><subfield code='a'>LUBL M</subfield><subfield code='c'>LUBL M</subfield><subfield code='d'>LUBL M</subfield><subfield code='d'>WA N</subfield><subfield code='d'>KR U</subfield><subfield code='d'>KIEL W</subfield><subfield code='d'>WA N</subfield></datafield><datafield ind1='1' ind2=' ' tag='041'><subfield code='a'>pol</subfield><subfield code='h'>eng</subfield></datafield><datafield ind1=' ' ind2=' ' tag='046'><subfield code='k'>2022</subfield></datafield><datafield ind1=' ' ind2=' ' tag='080'><subfield code='a'>643/645</subfield></datafield><datafield ind1=' ' ind2=' ' tag='084'><subfield code='a'>14</subfield></datafield><datafield ind1='0' ind2='0' tag='245'><subfield code='a'>Na swoim miejscu :</subfield><subfield code='b'>przewodnik po organizacji domu, szafy i życia /</subfield><subfield code='c'>Clea Shearer, Joanna Teplin ; tłumaczenie Dorota Malina.</subfield></datafield><datafield ind1='3' ind2='0' tag='246'><subfield code='a'>Przewodnik po organizacji domu, szafy i życia</subfield></datafield><datafield ind1='1' ind2=' ' tag='246'><subfield code='i'>Tytuł oryginału:</subfield><subfield code='a'>Home edit :</subfield><subfield code='b'>a guide to organizing realizing your house goals,</subfield><subfield code='f'>2019</subfield></datafield><datafield ind1=' ' ind2=' ' tag='250'><subfield code='a'>Wydanie I.</subfield></datafield><datafield ind1=' ' ind2=' ' tag='260'><subfield code='a'>Kraków :</subfield><subfield code='b'>Znak Litera Nova,</subfield><subfield code='c'>2022.</subfield></datafield><datafield ind1=' ' ind2=' ' tag='300'><subfield code='a'>255, [1] strona :</subfield><subfield code='b'>fotografie, ilustracje, portrety ;</subfield><subfield code='c'>24 cm.</subfield></datafield><datafield ind1=' ' ind2=' ' tag='336'><subfield code='a'>Tekst</subfield><subfield code='b'>txt</subfield><subfield code='2'>rdacontent</subfield></datafield><datafield ind1=' ' ind2=' ' tag='336'><subfield code='a'>Obraz</subfield><subfield code='b'>sti</subfield><subfield code='2'>rdacontent</subfield></datafield><datafield ind1=' ' ind2=' ' tag='337'><subfield code='a'>Bez urządzenia pośredniczącego</subfield><subfield code='b'>n</subfield><subfield code='2'>rdamedia</subfield></datafield><datafield ind1=' ' ind2=' ' tag='338'><subfield code='a'>Wolumin</subfield><subfield code='b'>nc</subfield><subfield code='2'>rdacarrier</subfield></datafield><datafield ind1=' ' ind2=' ' tag='380'><subfield code='a'>Książki</subfield></datafield><datafield ind1=' ' ind2=' ' tag='380'><subfield code='a'>Poradniki i przewodniki</subfield></datafield><datafield ind1='1' ind2=' ' tag='388'><subfield code='a'>2001-</subfield></datafield><datafield ind1=' ' ind2=' ' tag='500'><subfield code='a'>Tytuł oryginału: The home edit : a guide to organizing realizing your house goals. Na okładce: Netflix serial The Home Edit.</subfield></datafield><datafield ind1=' ' ind2=' ' tag='504'><subfield code='a'>Netografia na stronach 247-249. Indeks.</subfield></datafield><datafield ind1=' ' ind2=' ' tag='530'><subfield code='a'>Książka dostępna także jako e-book.</subfield></datafield><datafield ind1=' ' ind2='7' tag='650'><subfield code='a'>Wyposażenie mieszkań</subfield><subfield code='2'>DBN</subfield></datafield><datafield ind1=' ' ind2='7' tag='650'><subfield code='a'>Gospodarstwo domowe</subfield><subfield code='2'>DBN</subfield></datafield><datafield ind1=' ' ind2='7' tag='650'><subfield code='a'>Mieszkania</subfield><subfield code='2'>DBN</subfield></datafield><datafield ind1=' ' ind2='7' tag='650'><subfield code='a'>Pomieszczenia i wnętrza</subfield><subfield code='2'>DBN</subfield></datafield><datafield ind1=' ' ind2='7' tag='650'><subfield code='a'>Sprzątanie</subfield><subfield code='2'>DBN</subfield></datafield><datafield ind1=' ' ind2='7' tag='650'><subfield code='a'>Projektowanie wnętrz</subfield><subfield code='2'>DBN</subfield></datafield><datafield ind1=' ' ind2='7' tag='655'><subfield code='a'>Poradnik</subfield><subfield code='2'>DBN</subfield></datafield><datafield ind1=' ' ind2='7' tag='655'><subfield code='a'>Publikacja bogato ilustrowana</subfield><subfield code='2'>DBN</subfield></datafield><datafield ind1=' ' ind2=' ' tag='658'><subfield code='a'>Dom i ogród</subfield></datafield><datafield ind1='1' ind2=' ' tag='700'><subfield code='a'>Shearer, Clea</subfield><subfield code='d'>(1982- )</subfield><subfield code='e'>Autor</subfield></datafield><datafield ind1='1' ind2=' ' tag='700'><subfield code='a'>Teplin, Joanna</subfield><subfield code='d'>(1979- )</subfield><subfield code='e'>Autor</subfield></datafield><datafield ind1='1' ind2=' ' tag='700'><subfield code='a'>Malina, Dorota</subfield><subfield code='e'>Tłumaczenie</subfield></datafield><datafield ind1='2' ind2=' ' tag='710'><subfield code='a'>Społeczny Instytut Wydawniczy Znak</subfield><subfield code='e'>Wydawca</subfield><subfield code='4'>pbl</subfield></datafield><datafield ind1=' ' ind2=' ' tag='852'><subfield code='8'>22790250210008210</subfield><subfield code='j'>1</subfield><subfield code='b'>F01</subfield><subfield code='p'>11086837</subfield><subfield code='c'>lok01</subfield></datafield><datafield ind1=' ' ind2=' ' tag='852'><subfield code='8'>22414793160006926</subfield><subfield code='j'>1</subfield><subfield code='h'>MG_bg</subfield><subfield code='b'>TORU</subfield><subfield code='p'>300052265338</subfield><subfield code='c'>MG_bg</subfield></datafield><datafield ind1=' ' ind2=' ' tag='852'><subfield code='8'>22790250230008210</subfield><subfield code='j'>1</subfield><subfield code='b'>F02</subfield><subfield code='p'>11031174</subfield><subfield code='c'>lok02</subfield></datafield><datafield ind1=' ' ind2=' ' tag='852'><subfield code='8'>221038180000008831</subfield><subfield code='j'>1</subfield><subfield code='b'>5100-BUW</subfield><subfield code='p'>1001319137</subfield><subfield code='c'>10000</subfield><subfield code='z'> ## rok wyd. : 2022.</subfield></datafield><datafield ind1=' ' ind2=' ' tag='852'><subfield code='b'>48OMNIS_BPW</subfield><subfield code='8'>991053618658908207</subfield></datafield><datafield ind1=' ' ind2=' ' tag='852'><subfield code='8'>22873175350008836</subfield><subfield code='j'>1</subfield><subfield code='b'>WBPL</subfield><subfield code='p'>230000326537</subfield><subfield code='c'>DUZIM_MG</subfield></datafield><datafield ind1=' ' ind2=' ' tag='852'><subfield code='b'>48OMNIS_GLO</subfield><subfield code='8'>990014219690308411</subfield></datafield><datafield ind1=' ' ind2=' ' tag='852'><subfield code='8'>2243789040007665</subfield><subfield code='j'>1</subfield><subfield code='b'>48WBPOWYP</subfield><subfield code='p'>000-161706-C</subfield><subfield code='c'>WYPWYP</subfield></datafield><datafield ind1=' ' ind2=' ' tag='852'><subfield code='b'>48OMNIS_UMKWT</subfield><subfield code='8'>991016996740506926</subfield></datafield><datafield ind1=' ' ind2=' ' tag='852'><subfield code='b'>48OMNIS_UOW</subfield><subfield code='8'>991015600189708831</subfield></datafield><datafield ind1=' ' ind2=' ' tag='852'><subfield code='8'>22589477050005067</subfield><subfield code='j'>1</subfield><subfield code='h'>B 872101 II</subfield><subfield code='b'>BJ</subfield><subfield code='p'>1003100050</subfield><subfield code='c'>BJ_MAG</subfield></datafield><datafield ind1=' ' ind2=' ' tag='852'><subfield code='b'>48OMNIS_NETWORK</subfield><subfield code='8'>9912668192705606</subfield></datafield><datafield ind1=' ' ind2=' ' tag='852'><subfield code='8'>22829126410008207</subfield><subfield code='j'>1</subfield><subfield code='h'>Z.788223</subfield><subfield code='b'>BPW_K</subfield><subfield code='p'>BPW00575925</subfield><subfield code='c'>ZAS</subfield></datafield><datafield ind1=' ' ind2=' ' tag='852'><subfield code='8'>22756027030008412</subfield><subfield code='j'>1</subfield><subfield code='b'>BG</subfield><subfield code='p'>04656579</subfield><subfield code='c'>CZWYP</subfield></datafield><datafield ind1=' ' ind2=' ' tag='852'><subfield code='b'>48OMNIS_NLOP</subfield><subfield code='8'>991052999115305066</subfield></datafield><datafield ind1=' ' ind2=' ' tag='852'><subfield code='b'>48OMNIS_KBP</subfield><subfield code='8'>990007523220108412</subfield></datafield><datafield ind1=' ' ind2=' ' tag='852'><subfield code='b'>48OMNIS_KPS</subfield><subfield code='8'>990008943390208415</subfield></datafield><datafield ind1=' ' ind2=' ' tag='852'><subfield code='8'>22810472180008210</subfield><subfield code='j'>1</subfield><subfield code='b'>C</subfield><subfield code='p'>12160187</subfield><subfield code='c'>lokC</subfield></datafield><datafield ind1=' ' ind2=' ' tag='852'><subfield code='b'>48OMNIS_MBP</subfield><subfield code='8'>990003695210207662</subfield></datafield><datafield ind1=' ' ind2=' ' tag='852'><subfield code='b'>48OMNIS_MBPG</subfield><subfield code='8'>991001136969708210</subfield></datafield><datafield ind1=' ' ind2=' ' tag='852'><subfield code='b'>48OMNIS_UJA</subfield><subfield code='8'>991016758434305067</subfield></datafield><datafield ind1=' ' ind2=' ' tag='852'><subfield code='8'>2243789040007665</subfield><subfield code='j'>1</subfield><subfield code='b'>48WBPOWYP</subfield><subfield code='p'>010-073733</subfield><subfield code='c'>WYPWYP</subfield></datafield><datafield ind1=' ' ind2=' ' tag='852'><subfield code='b'>48OMNIS_UOP</subfield><subfield code='8'>990008814240108206</subfield></datafield><datafield ind1=' ' ind2=' ' tag='852'><subfield code='8'>22100379230005068</subfield><subfield code='j'>1</subfield><subfield code='h'>643/645 She Na s 175815/N</subfield><subfield code='b'>WBP-KIELCE</subfield><subfield code='p'>478624</subfield><subfield code='c'>WYP-WD</subfield></datafield><datafield ind1=' ' ind2=' ' tag='852'><subfield code='b'>48OMNIS_WBPO</subfield><subfield code='8'>991005318629707665</subfield></datafield><datafield ind1=' ' ind2=' ' tag='852'><subfield code='b'>48OMNIS_MPL</subfield><subfield code='8'>991002580593205069</subfield></datafield><datafield ind1=' ' ind2=' ' tag='852'><subfield code='b'>48OMNIS_WBPL</subfield><subfield code='8'>991001818929708836</subfield></datafield><datafield ind1=' ' ind2=' ' tag='852'><subfield code='b'>48OMNIS_RPL</subfield><subfield code='8'>991003724798605068</subfield></datafield><datafield ind1=' ' ind2=' ' tag='852'><subfield code='8'>2254037300005069</subfield><subfield code='j'>1</subfield><subfield code='h'>106266 W</subfield><subfield code='b'>LUBL_M</subfield><subfield code='p'>1001038324</subfield><subfield code='c'>30000</subfield><subfield code='z'>oprawa miękka</subfield></datafield><datafield ind1=' ' ind2=' ' tag='852'><subfield code='8'>22707593590005066</subfield><subfield code='j'>1</subfield><subfield code='h'>3.202.893 A</subfield><subfield code='b'>BN_PL</subfield><subfield code='p'>30001028217778</subfield><subfield code='c'>bk1</subfield></datafield><datafield ind1=' ' ind2=' ' tag='852'><subfield code='8'>22707593520005066</subfield><subfield code='j'>1</subfield><subfield code='h'>3.613.791</subfield><subfield code='b'>BN_PL</subfield><subfield code='p'>30001028217785</subfield><subfield code='c'>bk8</subfield></datafield><datafield ind1=' ' ind2=' ' tag='852'><subfield code='8'>22819665530008206</subfield><subfield code='j'>1</subfield><subfield code='b'>UOP</subfield><subfield code='p'>648801</subfield><subfield code='c'>MAG01</subfield></datafield><datafield ind1=' ' ind2=' ' tag='852'><subfield code='8'>22779658370008415</subfield><subfield code='j'>1</subfield><subfield code='b'>KP</subfield><subfield code='p'>000035776475</subfield><subfield code='c'>WG</subfield><subfield code='z'>71</subfield></datafield><datafield ind1=' ' ind2=' ' tag='852'><subfield code='8'>22779658390008415</subfield><subfield code='j'>1</subfield><subfield code='b'>KP</subfield><subfield code='p'>000035679530</subfield><subfield code='c'>CN</subfield><subfield code='z'>N738963</subfield></datafield><datafield ind1=' ' ind2=' ' tag='852'><subfield code='8'>22725776510008411</subfield><subfield code='j'>1</subfield><subfield code='b'>014CW</subfield><subfield code='p'>01405-100132035</subfield><subfield code='c'>CW</subfield><subfield code='z'>4/22</subfield></datafield><datafield ind1=' ' ind2=' ' tag='852'><subfield code='8'>22106562770007662</subfield><subfield code='j'>1</subfield><subfield code='b'>44</subfield><subfield code='p'>4001421422</subfield><subfield code='c'>44</subfield></datafield><datafield ind1=' ' ind2=' ' tag='852'><subfield code='8'>22106562650007662</subfield><subfield code='j'>1</subfield><subfield code='b'>57</subfield><subfield code='p'>4001415630</subfield><subfield code='c'>57</subfield></datafield><datafield ind1=' ' ind2=' ' tag='852'><subfield code='8'>22106562710007662</subfield><subfield code='j'>1</subfield><subfield code='b'>55</subfield><subfield code='p'>4001417010</subfield><subfield code='c'>55</subfield></datafield><datafield ind1=' ' ind2=' ' tag='852'><subfield code='8'>22790250190008210</subfield><subfield code='j'>1</subfield><subfield code='b'>F04</subfield><subfield code='p'>11090182</subfield><subfield code='c'>lok04</subfield></datafield><datafield ind1=' ' ind2=' ' tag='852'><subfield code='8'>22589477130005067</subfield><subfield code='j'>1</subfield><subfield code='h'>1.027.151 II A</subfield><subfield code='b'>BJ</subfield><subfield code='p'>1003100049</subfield><subfield code='c'>BJ_EGZ_A</subfield></datafield><datafield ind1=' ' ind2=' ' tag='920'><subfield code='a'>978-83-240-7418-1 (oprawa miękka) : zł 54,99</subfield></datafield></record>
  </collection>
</resp>
